Dasar luar era Mahathir

Bibliographic Details
Main Author: Chamil Wiraya
Format: Book
Published: Petaling Jaya , Penerbit Fajar Bakti , 1989
Subjects:

MARC

LEADER 00000cam a2200000 7i4500
001 0000002437
005 20021120.0
020 |a 9676509124 
040 |a INS 
090 0 0 |a DS597.2.   |b C46 1989 
100 1 |a Chamil Wiraya 
245 1 0 |a Dasar luar era Mahathir   |c Chamil Wiraya 
260 |a Petaling Jaya ,   |c Penerbit Fajar Bakti ,   |c 1989 
300 |a viii, 134p ;   |c 21cm. 
500 |a Includes indes 
600 0 0 |a Mahathir bin Mohamad   |f Dato' Seri 
651 0 |a Malaysia   |x Economic policy 
651 0 |a Malaysia   |x Foreign relation 
999 |a 0000003610   |b BOOK   |c Open Shelf   |e Default branch 
999 |a 0000018656   |b BOOK   |c Open Shelf   |e Default branch 
999 |a 0000018657   |b BOOK   |c Open Shelf   |e Default branch 
999 |a 0000018658   |b BOOK   |c Open Shelf   |e Default branch 
999 |a 0000018659   |b BOOK   |c Open Shelf   |e Default branch